Hermosos y malditos / (Registro nro. 13247)

Detalles MARC
000 -LIDER
fixed length control field 01038nam a2200397 c 4500
001 - NÚMERO DE CONTROL
Identificador de número de control a5430
003 - IDENTIFICACDOR DE NÚMERO DE CONTROL
control field DO-SdBNP
005 - DATE AND TIME OF LATEST TRANSACTION
control field 20221109062556.0
007 - CAMPOS FIJOS DE DESCRIPCIÓN FÍSICA
fixed length control field a5430
008 - ELEMENTOS DE LONGITUD FIJA
fixed length control field 131114s1981 sp | |||| 000 f spa
015 ## - NÚMERO DENTRO DE LA BIBLIOGRAFÍA NACIONAL
National bibliography number
017 ## - NÚMERO DE REGISTRO DE DERECHOS DE AUTOR
Copyright or legal deposit number
Assigning agency
020 ## - ISBN
International Standard Book Number 8402079202
035 ## - NÚMERO LOCAL
System control number
040 ## - FUENTE DE CATALOGACIÓN
Agencia que crea de manera original el registro BPMSU
Idioma de catalogación spa
Agencia que realiza la transcripción BPMSU
Convenciones de la despripción
041 1# - CÓDIGOS DE OBRAS TRADUCIDAS O EN VARIOS IDIOMAS
Cód. del idioma original y/o traducciones intermedias del texto
080 ## - NÚMERO DE CLASIFICACIÓN DECIMAL UNIVERSAL
Universal Decimal Classification number
082 #4 - NÚMERO DE CLASIFICACIÓN DECIMAL DE DEWEY
Classification number 813.5
Item number S425h 1981
Edition number 22
100 1# - ASIENTO PRINCIPAL -- NOMBRE PERSONAL
Nombre personal Fitzgerald, F. Scott
Fechas asociadas con el nombre 1896-1940
240 10 - TITULO UNIFORME
Título uniforme
Idioma de una obra
245 13 - MENCIÓN DE TITULO
Título Hermosos y malditos /
Mención de responsabilidad Francis Scott Fitzgerald; traducción de José Luis López Muñoz
Subtítulo
250 ## - MENCIÓN DE EDICION
Mención de edición
260 ## - PUBLICACIÓN, DISTRIBUCIÓN, ETC. (PIE DE IMPRENTA)
Lugar de publicación, distribución, etc Madrid :
Nombre del editor, distribuidor, etc. Club Bruguera,
Fecha de publicación, distribución, etc 1981
300 ## - DESCRIPCIÓN FÍSICA
Extensión 446 p. :
Dimensiones 24 cm.
Otros detalles físicos
336 ## - CONTENT TYPE
Content type term
Source
337 ## - MEDIA TYPE
Media type term
Source
490 0# - MENCIÓN DE SERIES
Mención de serie Literatura universal Bruguera
500 ## - NOTA GENERAL
Nota general
534 ## - NOTA SOBRE LA VERSIÓN ORIGINAL
Asiento principal del original Título original. :
Mención del título original The beautiful and the damned.
590 ## - NOTA LOCAL
Enlace Inventariado, 2022/VM
650 ## - ENCABEZAMIENTO DE MATERIA--TEMÁTICO
Término temático o nombre geográfico como elemento de entrada Novela estadounidense
650 ## - ENCABEZAMIENTO DE MATERIA--TEMÁTICO
Término temático o nombre geográfico como elemento de entrada NNovela amorosa
700 1# - ASIENTO SECUNDARIO -- NOMBRE PERSONAL
Nombre personal
Mención de responsabilidad
910 ## - VALIDACIÓN
Validación VMateo V. /Validado
942 ## - ADDED ENTRY ELEMENTS (KOHA)
Source of classification or shelving scheme Dewey Decimal Classification
Koha item type Libros
Existencias
Withdrawn status Lost status Source of classification or shelving scheme Damaged status Not for loan Collection code Home library Current library Date acquired Full call number Barcode Date last seen Price effective from Koha item type
    Dewey Decimal Classification     Colección General Biblioteca Pública Metropolitana Salomé Ureña Biblioteca Pública Metropolitana Salomé Ureña 01/26/2018 BPMSU CG 813.5 S425h 1981 BPMSU18010065 01/26/2018 01/26/2018 Libros